Intercultural Management (Record no. 2298)

MARC details
000 -LEADER
fixed length control field 00420nam a22001697a 4500
005 - DATE AND TIME OF LATEST TRANSACTION
control field 20160601094609.0
008 - FIXED-LENGTH DATA ELEMENTS--GENERAL INFORMATION
fixed length control field 160601b xxu||||| |||| 00| 0 eng d
020 ## - INTERNATIONAL STANDARD BOOK NUMBER
ISBN 978-81-315-0412-3
041 ## - LANGUAGE CODE
Language code of text/sound track or separate title eng
082 ## - DEWEY DECIMAL CLASSIFICATION NUMBER
Item number 6507
100 ## - MAIN ENTRY--AUTHOR NAME
Personal name Cullen, John B & Parkoteech, K. Paraveen
245 ## - TITLE STATEMENT
Title Intercultural Management
260 ## - PUBLICATION, DISTRIBUTION, ETC. (IMPRINT)
Year of publication South westre
Place of publication 2008
300 ## - PHYSICAL DESCRIPTION
Number of Pages 644
650 ## - SUBJECT ADDED ENTRY--TOPICAL TERM
Topical Term Management
942 ## - ADDED ENTRY ELEMENTS (KOHA)
Koha item type Books

No items available.